LDR 01009naa#a2200193#i#450# 001 RU\\bibl\120695 005 20260417165358.5 011 ## _a2073-5537 100 ## _a20260416b2026####ek#y0rusy0150####ca 102 ## _aRU 200 1# _aРегиональная логистическая система Астраханской области в условиях переориентации товарных потоков _eЖурнальная статья 210 1# _aАстрахань _cАстраханский государственный технический университет _d2026 215 ## _a9 с. 608 ## _aЖурнальная статья _2local 675 ## _aРегиональная экономика. Территориальная экономика. 332.1 _z 700 #1 _aГроховская _gВиктория Александровна 700 #1 _aШендо _gМария Владимировна 700 #1 _aЛипатова _gОльга Николаевна 856 4# _avestnik.astu.org _u